Survivors of the Donner Party - Statistics

General Stats
  • This quiz has been taken 5 times
  • The average score is 39 of 48
Answer Stats
Hint Answer % Correct
Son of Breens Edward Breen
100%
Daughter of Graves Eleanor Graves
100%
Daughter of George Elitha Donner
100%
Daughter of Graves Elizabeth Graves
100%
Daughter of George Eliza Donner
100%
Daughter of George Frances Donner
100%
Son of Jacob George Donner
100%
Daughter of George Georgia Donner
100%
Wife of Pike Harriet Murphy Pike
100%
Daughter of Breens Isabella Breen
100%
Husband of Reed James F. Reed
100%
Son of Reeds James Reed Jr
100%
Son of Breens John Breen
100%
Son of Graves Jonathon Graves
100%
Daughter of George Leanna Donner
100%
Daughter of Graves Lovina Graves
100%
Mother of Breens Margaret Breen
100%
Wife of Reed Margaret Reed
100%
Daughter of Reed Martha Reed
100%
Daughter of Jacob Mary Donner
100%
Daughter of the Graves Mary Graves
100%
Daughter of Murphy Mary Murphy
100%
Daughter of Graves Nancy Graves
100%
Daughter of Pikes Naomi Pike
100%
Father of Breens Patrick Breen
100%
Son of Breens Patrick Breen Jr
100%
Son of Breens Peter Breen
100%
Son of Breens Simon Breen
100%
Son of Murphy Simon Murphy
100%
Son of Reed Thomas Reed
100%
Daughter of Reed Virginia Reed
100%
Son of Graves William Graves
100%
Son of Murphy William Murphy
100%
Wife of McCutcheon Amanda McCutcheon
50%
Wife of Wolfinger Doris Wolfinger
50%
Husband Of Philipine Lewis Keseburg
50%
Teamster for Donners Noah James
50%
Wife of Keseburg Philipine Keseburg
50%
Wife of Fostick Sarah Graves Fostick
50%
Wife of Foster Sarah Murphy Foster
50%
Son of Elizabeth Donner Solomon Hook
50%
Lonely Eddy WIlliam Eddy
50%
Husband of Foster William Foster
50%
Husband Of McCutcheon William McCutcheon
50%
Worked for Reeds Eliza Williams
0%
Teamster of Reeds Hiram Miller
0%
Teamster for the Donners John Baptiste Trubode
0%
Teamster for Reeds Walter Herron
0%
No matching quizzes found
Score Distribution
Percent of People with Each Score
Percentile by Number Answered
Your Score History
You have not taken this quiz